00906nam a22002537a 450000500170000001000130001702000220003003500130005203700160006504000120008108200130009324501230010626000430022927000620027230000250033450000210035965000430038065000160042370000270043970000250046694200220049199900190051395201200053220170124110107.0 aA-936415 c00.00a818603045X aA-936415 bCen Lib/Ret aDPLbEN a921bUNI aUniqueness of Zakir Husain and his contributions :cedited by S. P. Ruhela [and] Ikram Ahmadbbirth centenary volume / aNew Delhi bRegency Publicationsc1997 bNew Delhi a20/39-G, Old Market, West Patel Nagare110008 axvi,192p. c21cm(Hb) aIncludes index  aMuḥammad, -- Prophet, -- -632928372 aIslam95289 a Ruhela, S. P. 910284 aAhmad, Ikram 928373 2ddccENh921mUNI c130131d130131 00104070aLbLd2015-07-08eCen Lib/Retg0.00l0o921 UNIpA-936415r2015-07-08 00:00:00t1v0.00w2015-07-08yEN